000 00726nam a2200241 i 4500
003 DO-SdBNP
005 20240821154135.0
007 ta
008 240821b2005 dr a|||| |||| 00| 0 spa d
040 _aDO-SdBNP
_bspa
_cBNPHU
_erda
082 4 _222
100 _aBenzo de Ferrer, Vilma,
_d1929-
_950422
_eautor
245 1 3 _aLa real villa de Bánica /
_cVilma Benzo de Ferrer
264 _aSanto Domingo :
_bAmigo del Hogar,
_c2005.
300 _a33 páginas :
_bilustrciones ;
_c16 cm.
336 _2rdacontent
_atexto
_btxt
337 _2rdamedia
_asin mediación
_bn
338 _2rdacarrier
_avolumen
_bnc
490 _aBreviarios de historia
_v3
590 _aInventariado, 2024/BT
910 _aBtavárez
942 _2ddc
_cLF2
999 _c57523
_d57523